[Event "Alushta Autumn 1st"]
[Site "Alushta"]
[Date "2004.09.02"]
[Round "9"]
[White "Alexikov, Alexander"]
[Black "Vokarev, Sergey"]
[Result "1-0"]
[WhiteElo "2386"]
[BlackElo "2529"]
[Annotator "Mikhalevski,V"]
[PlyCount "75"]
[EventDate "2004.08.28"]
[EventType "tourn"]
[EventRounds "15"]
[EventCountry "UKR"]
[EventCategory "9"]
[SourceTitle "CBM 103"]
[Source "ChessBase"]
[SourceDate "2004.11.11"]
[SourceVersion "1"]
[SourceVersionDate "2004.11.11"]
[SourceQuality "1"]

1. e4 c5 2. Nf3 g6 3. d4 cxd4 4. Nxd4 Nc6 5. Nc3 Bg7 6. Be3 Nf6 7. Nxc6 bxc6 8.
e5 Ng8 9. Bd4 (9. f4 f6 10. Bd4 Qa5 {leads to transposition.}) 9... Qa5 10. f4
f6 11. Qd2 {White sacrifices the e5-pawn in order to complete the development
quickly and then to exploit this advantage for attack. However it seems that
Black can hope for equality after Ivanchuk's 15...Ba6!} ({The main alternative
is to keep the e5-pawn with} 11. Qe2 {Maybe White has to look for chances to
obtain opening advantage in this direction?!} fxe5 (11... c5 {was also tested.}
) 12. Bxe5 Nf6 13. O-O-O d5 14. Qe1 O-O 15. Be2 Rf7 16. Bf3 (16. h4 $5 {
[%cal Gh4h5]}) 16... Bf5 17. a3 (17. h3 $5) 17... Qb6 18. h3 Raf8 19. g4 Bc8
20. Na4 Qb5 21. Be2 {1/2-1/2 Volokitin,A-Tiviakov,S/Copenhagen DEN 2002/The
Week in Chess 402 (21) and suddenly a draw was agreed in the position with
slightly better chances for White.} (21. Be2 Qb7 (21... Qxa4 $6 {allows to
trap the queen:} 22. Rd4 $1 {[%csl Ra4]} Qxd4 23. Bxd4 Ne4 24. Bxg7 Kxg7 25.
Rf1 $16 {and White gets a clear advantage.}) 22. Bd3 $1 $14)) 11... fxe5 12.
fxe5 Bxe5 {The theory considers this move to be dangerous and this game is an
additional prove of the official assessment.} ({It's safer to start with} 12...
c5 $5 13. Be3 Bxe5 14. Bc4 Nf6 15. O-O Ba6 $1 $146 {For the moment this move
allows to consider the entire line with 7.Nxc6 as not dangerous for Black.} (
15... Bb7 16. Bf4 Bd4+ 17. Kh1 Qb4 18. Qe2 $1 a6 $6 19. Rae1 e6 20. Nd1 (20.
Bxe6 $5 O-O-O 21. Be5 $16) 20... Qb6 $2 (20... Bd5 $8) 21. c3 $18 {[%csl Rd4]}
d5 22. cxd4 {1-0 Narciso Dublan,M-Vila Gazquez,J/Barcelona ESP 2004/The Week
in Chess 513 (22). and White wins at least a piece.}) 16. Bxa6 Qxa6 17. Bxc5 d6
18. Rae1 O-O 19. Bd4 Bxd4+ 20. Qxd4 e5 21. Qd3 Qxd3 22. cxd3 Rab8 23. b3 Kg7
$11 {Kasparov,G-Ivanchuk,V, Eurotel trophy rapid 2002/CBM89[Tsesarsky]}) 13.
O-O-O Bxd4 (13... Nf6 {can lead to transposition after} 14. Re1 Bxd4 15. Qxd4 {
See 13...Bxd4.}) 14. Qxd4 Nf6 15. Re1 {[%csl Re8][%cal Gd4f6]} O-O ({In
according to Fritz Black is better after} 15... Kd8 {, but I can hardly
believe it.}) 16. Rxe7 Rb8 $2 {This inaccurate move could lead to a difficult
position by force.} ({Black would have much more chances to equalize after} 
16... Qg5+ $1 17. Kb1 d5 18. Bd3 Bf5 $1 {as in Varavin-Khasin, RUS-ch Elista
1994.}) 17. Bd3 {A possible, but not the best continuation.} (17. Bc4+ $1 {
leads to a big positional advantage by force:} d5 $8 (17... Kh8 $2 {loses on
the spot to} 18. Ne4 $1 Qd8 19. Nxf6 Qxe7 20. Ne8+ $18) 18. Ne4 $1 (18. Rxa7
Qb4 19. Nxd5 cxd5 20. Bxd5+ Kh8 21. Qxb4 Rxb4 22. Rf1 Bf5 $13) (18. Rf1 $6 Qb6
$1) 18... Nh5 $8 (18... Ne8 $2 19. Rxe8 $1 Rxe8 20. Nf6+ Kf7 21. Nxe8 $18) 19.
Qe5 $1 Qb4 $1 (19... Rb4 20. Ng3 $1 Nf6 21. Rf1 $1 $18) 20. Ng3 Nf6 21. a3 $1
Qc5 22. Rf1 Rb7 $1 23. Rxb7 Bxb7 24. Bd3 $1 Ne8 25. Qe6+ Kh8 $8 26. Rf7 $1 Ng7
27. Qe7 $1 Qxe7 28. Rxe7 $16 {and White obtains a clear advantage at the
endgame.}) 17... Qb6 {[%csl Rb2,Rd4] It seems that Black underestimated
White's reply.} ({Also in case of} 17... Rb4 18. Qd6 Qg5+ 19. Kb1 Qf4 20. Qc5
$1 {White maintains the pressure.}) 18. Qe5 $1 {It's more important to keep
the queens than to protect the b2-pawn!} Ba6 (18... Qxb2+ 19. Kd2 {[%cal Gh1b1]
and it's not easy to prevent material losses.}) 19. Bxg6 $2 {An absolutely
unnecessary piece sacrifice, which could cost White at least half a point.} ({
Much simplier and better was a straightforward} 19. Ne4 $1 {[%csl Rg7]} Nh5 ({
or} 19... c5 20. Rf1 $1 Nh5 21. Bxa6 Qxa6 22. Qd5+ Kh8 23. Rff7 $1 $18) 20. g4
$1 (20. Ng3 Nf6 21. Rf1 d6 22. Qe6+ Kh8 23. Bxa6 Qxb2+ $1 24. Kd2 Qb4+ 25. Ke2
Nd5 26. Rff7 Rxf7 27. Rxf7 Nf4+ 28. Rxf4 Qxf4 $13) 20... Bxd3 21. gxh5 Qe3+ 22.
Kb1 Bxc2+ 23. Kxc2 Qe2+ 24. Nd2 $18 {and White is a piece up.}) 19... hxg6 20.
Qg3 (20. Qg5 $5) 20... Ng4 $5 (20... Qxb2+ {allowed to avoid 21.b3.} 21. Kd1 (
21. Kd2 $2 Ng4 $1 22. Qxg4 Rf2+ $19) 21... Ng4 $1 22. Qxg4 Qa1+ (22... Rf6 $5
23. Qd4 Rbf8) 23. Kd2 Rf2+ 24. Re2 $1 Rxe2+ 25. Nxe2 Qf6 {and Black looks
slightly better as his king is safer.}) 21. b3 $5 (21. Qxg4 Qxb2+ 22. Kd1 {
transposes into 20...Qxb2.}) 21... Qc5 $1 22. Re4 $1 {[%csl Rg6]} Rbe8 $2 {
A serious mistake. After this move White's advantage is unquestionnable.} (
22... Bd3 $3 {was necessary.} 23. Rxg4 Qxc3 24. Qxd3 Qa1+ $1 ({Another option
is} 24... Qxd3 25. cxd3 Rf2) 25. Kd2 Rf2+ 26. Ke3 Qe5+ $1 27. Kxf2 (27. Qe4 $5)
27... Rf8+ 28. Qf3 $8 $13 {and the arising endgame which sees Q vs 2R endgame
is with mutual chances.} (28. Kg1 $4 Qe1+)) 23. Rxg4 {[%csl Rg6]} Qe3+ {
Black has to trade the queens as his king is in danger.} (23... Kh7 24. Rxg6
Qe3+ {changes nothing.} (24... Re3 $2 25. Rg7+ Kh8 26. Qg6 $18)) 24. Qxe3 Rxe3
25. Rxg6+ Kf7 (25... Kh7 {would transpose into 23...Kh7.}) 26. Rg5 $3 $18 {
[%csl Gc5] A very nice idea. White wants to trap the black rook on c3 and thus
keeps his two extra pawns.} (26. Kd2 $5 Rxc3 $140 27. Rg5 $1 $18 {[%csl Rc3]})
26... Rfe8 (26... Rxc3 $2 27. Kd2 $1 {[%csl Rc3] and suddenly the rook is
traped.}) 27. Nd1 $5 {Inviting the rook to e2.} Re2 28. Rf1+ Ke7 29. Rf2 (29.
Rf4 $5 $18) 29... Re1 30. Ra5 Bc8 ({or} 30... Be2 31. Kd2 $18 {[%csl Re1,Re2]})
31. Rxa7 {The rest doesn't require comments. White is simply three pawns up.}
Kd8 32. Ra4 Rh1 33. h3 Ree1 34. Rd4 d5 35. c4 Be6 36. cxd5 Bxd5 37. Kc2 Kc7 38.
Nc3 1-0

[Event "Olympiad-36"]
[Site "Mallorca"]
[Date "2004.10.26"]
[Round "11"]
[White "Rojas Keim, Luis Alberto"]
[Black "Zelcic, Robert"]
[Result "0-1"]
[WhiteElo "2385"]
[BlackElo "2531"]
[Annotator "Mikhalevski,V"]
[PlyCount "90"]
[EventDate "2004.10.15"]
[EventType "team-swiss"]
[EventRounds "14"]
[EventCountry "ESP"]
[SourceTitle "CBM 104"]
[Source "ChessBase"]
[SourceDate "2005.01.27"]
[SourceVersion "1"]
[SourceVersionDate "2005.01.27"]
[SourceQuality "1"]
[WhiteTeam "Chile"]
[BlackTeam "Croatia"]
[WhiteTeamCountry "CHI"]
[BlackTeamCountry "CRO"]

1. e4 c5 2. Nf3 g6 3. d4 cxd4 4. Nxd4 Bg7 5. Nc3 Nc6 6. Nb3 ({The more popular
} 6. Be3 Nf6 7. Bc4 {can be found in the same CBM104. See the game
Motylev-Tseshkovsky, RUS-ch, Moscow 2004[Mikhalevski,V]}) 6... Nf6 7. Be2 O-O
8. O-O a5 {[%cal Ga5a4] In the spirit of The Accelerated Dragon.} ({It wasn't
late to transpose into "regular" Dragon with} 8... d6) 9. a4 Nb4 {[%cal Gd7d5]
Black is preparing d5.} 10. Bg5 {The most popular continuation directed
against d5.} ({In some games White tried to prevent d5 by means of} 10. Bf3)
10... h6 ({Immediate} 10... d5 {was also tested.}) 11. Be3 $6 {Doesn't look
very logical as provoking h6 is not essential while preventing d5 is important.
} ({The main line} 11. Bh4 {See in Teran Alvarez-Dgebuadze, Linares1997/CBM58
[Tsesarsky].}) 11... d5 12. e5 Ne4 13. Nxe4 {Rojas goes for a concrete line,
tempted by the a5-pawn.} ({White also tested other continuations:} 13. f3 $6
Nxc3 14. bxc3 Nc6 15. f4 f6 16. exf6 Bxf6 17. Nd4 $11 {1/2-1/2 Froeyman,
H-Winants,H/Belgium 2000/CBM 81 ext (19). (18)}) (13. f4 $5 {is worth trying}
Bf5 14. Nd4 Bd7 15. Bf3 (15. Nxe4 $142 $1 dxe4 {[%cal Gb4d5]} 16. c4 $1 $14 {
[%csl Gd5]}) 15... f5 $1 16. exf6 Nxf6 17. Kh1 $14 {1-0 Namyslo,H-Balduan,M/
Schwaebisch Gmuend 2000/CBM 74 ext (42)}) 13... dxe4 14. Qxd8 ({Also} 14. c3 $5
{doesn't promise much in view of simple} Nc6 15. Nc5 Nxe5 16. Nxe4 $11) 14...
Rxd8 15. Bb6 ({White could try to sacrifice a pawn by means of} 15. Rad1 {
which after} Rxd1 (15... Bf5 $5) 16. Rxd1 Nxc2 17. Rd8+ Kh7 {leads to an
unclear position with compensation for the sacrificed pawn thanks to a pin
along the 8th rank.}) 15... Rf8 $5 {[%csl Rc2,Re5]} (15... Rd5 {is risky, but
possible:} 16. c4 Rxe5 17. Rfd1 {[%cal Gd1d8] and although the rook is stuck
on e5 Black shouldn't be worse.}) 16. Bxa5 $2 {A serious positional blunder.
This way White allows to obtain an advantage of a bishop pair, which promises
Black a big advantage.} (16. c3 $1 {was critical.} Nd3 $1 (16... Nc6 17. Nc5 $1
Nxe5 18. Nxe4 $14 {[%csl Ra5,Rb7][%cal Ge4c5]}) 17. Bxd3 exd3 18. Rfd1 $1 Bxe5
19. Rxd3 {[%csl Ra5] with some chances for advantage.}) 16... Nxc2 17. Rac1 Nd4
$1 $17 {[%csl Ra5] This is probably the move which was missed by Rojas. Now
Black is clearly better.} 18. Nxd4 Rxa5 19. Bb5 Bxe5 {Black not only obtained
an advantage of bishop pair, but also won a pawn.} 20. Rc4 Ra8 {The rook has
nothing to do on a5 anymore and so Black brings it back in play.} 21. Re1 f5
22. Rb4 {[%cal Gb5c4]} Bd6 (22... Rd8 $5 {was even easier:} 23. Bc4+ Kh7 24.
Ne6 Rd2 $19) 23. Rb3 Kg7 $19 {The rest is just a matter of technique.} 24. Rd1
Kf6 25. Rc3 Rd8 26. Rcc1 Bd7 27. b3 e5 28. Bxd7 ({Doesn't save} 28. Nc2 Bxb5
29. axb5 Bc5 $19) 28... exd4 29. Bb5 d3 {Two passed pawns supported by bishop
would be enough to win two games. So White could resign already here.} 30. Bc4
Ba3 31. Rb1 Bb4 32. Ra1 Ke5 33. Ra2 Rd6 34. Raa1 b6 35. Rab1 Rc8 36. Ra1 Rdc6
37. Rab1 Kd4 38. Rbc1 f4 39. Rb1 Rxc4 40. bxc4 Kxc4 ({or} 40... Rxc4 {[%cal
Ge4e3]}) 41. Rbc1+ Bc3 42. Rxc3+ Kxc3 43. Rc1+ Kd2 44. Rxc8 Ke2 45. Rc4 d2 {
An easy win of Croatian GM.} 0-1

[Event "RUS-CHN Summit Men 4th"]
[Site "Nizhnij Novgorod"]
[Date "2007.08.30"]
[Round "10"]
[White "Zhang, Pengxiang"]
[Black "Inarkiev, Ernesto"]
[Result "1-0"]
[WhiteElo "2649"]
[BlackElo "2663"]
[Annotator "Reeh,O"]
[PlyCount "59"]
[EventDate "2007.08.20"]
[EventType "schev"]
[EventRounds "10"]
[EventCountry "RUS"]
[SourceTitle "CBM 120"]
[Source "ChessBase"]
[SourceDate "2007.10.02"]
[SourceVersion "1"]
[SourceVersionDate "2007.10.02"]
[SourceQuality "1"]

1. e4 c5 2. Nf3 Nc6 3. d4 cxd4 4. Nxd4 g6 5. Nc3 Bg7 6. Nxc6 bxc6 7. Bc4 d6 8.
Qf3 Nf6 9. e5 dxe5 10. Qxc6+ Bd7 11. Qa6 O-O 12. O-O Qb8 13. Bb3 Rc8 14. Bg5 e6
15. Rad1 Bc6 16. Rfe1 h6 17. Bh4 Nh5 18. Be7 e4 $6 {An unfortunate exchange.
Kein glücklicher Tausch.} (18... Nf4 {was okay. war okay.}) 19. Nxe4 Bxe4 20.
Rxe4 Bxb2 21. g3 Ng7 22. Rd7 {Now White's piece are extremely active. Nun sind
die weißen Figuren sehr aktiv.} Qb6 23. Qd3 a5 24. Qf3 $1 {Eyeing f7.
Blickpunkt f7.} Nf5 25. g4 Rc3 $2 {This attempt of a zwischenzug to chase away
the white queen from f3 is bound to fail. Der Versuch, die Dame mit einem
Zwischenzug von f3 zu vertreiben, scheitert.} ({However, the alternative was
no picnic either: Die Alternative war allerdings auch kein Zuckerschlecken:} 
25... Nxe7 26. Rxe7 Rf8 27. Rf4 {and f7 falls. und f7 fällt.}) {[%tqu "En",
"Black has attacked the white queen. What do you play?","Black's rook has left
the back rank and his rook colleague on a8 unattended...","Answer this attack
with a counterattack!","e4e3","Right!  After this discovered attack, there are
too many pieces hanging with Black - a8, c3 and f5!",15,"De","Schwarz hat die
weiße Dame attackiert. Was spielen Sie?","Der schwarze Turm hat die Grundreihe
sowie seinen Turmkollegen auf a8 im Stich gelassen...","Beantworen Sie diese
Attacke mit einem Gegenangriff!","e4e3","Genau!  Nach diesem Abzugsangriff
hängt bei Schwarz einfach zu viel - a8, c3 and f5!",15]} 26. Re3 $1 {Clearing
the diagonal f3-a8 with tempo - now Black has three pieces hanging, a8, c3 and
f5! Räumt mit Tempo die Diagonale f3-a8 - nun hängen bei Schwarz a8, c3 und f5!
} Rxe3 ({Whatever he does, Black loses material: Schwarz kann sich drehen und
winden, er verliert Material:} 26... Ra7 27. Bd8 Rxe3 28. fxe3 $1) ({or oder} 
26... Nxe7 27. Rxe7 Rf8 28. Rxc3 Bxc3 29. Qxc3) 27. Qxa8+ Kh7 28. gxf5 $1 {
Definitely the right capture! Definitiv der richtige Entschluss.} ({It was
still not too late to spoil everything: Es war noch immer möglich, alles zu
verderben:} 28. fxe3 $2 Qxe3+ 29. Kf1 (29. Kh1 Qe1+ 30. Kg2 Qe2+ 31. Kg1 Ne3
$19) {and now und nun zwingt} 29... Qf4+ $1 {the very unpleasant das sehr
unangenehme} 30. Ke2 (30. Kg1 Bd4+ 31. Rxd4 Qxd4+ $19) 30... Qxh2+ {when White
will be lucky to survive while Black always has the draw in his pocket. ,
wonach Weiß nur mit Glück überleben kann, während Schwarz das Remis immer in
der Tasche hat.}) 28... Re1+ 29. Kg2 gxf5 30. Qb7 1-0

[Event "EU-Cup 03rd round of 16"]
[Site "Sofia"]
[Date "1981.02.13"]
[Round "2.2"]
[White "Ermenkov, Evgenij"]
[Black "Szabo, Laszlo"]
[Result "1/2-1/2"]
[WhiteElo "2490"]
[BlackElo "2505"]
[Annotator "Tompa,J"]
[PlyCount "141"]
[EventDate "1981.02.13"]
[EventType "team-match"]
[EventRounds "2"]
[EventCountry "BUL"]
[SourceTitle "EXT 2006"]
[Source "ChessBase"]
[SourceDate "2005.11.24"]
[SourceVersion "1"]
[SourceVersionDate "2005.11.24"]
[SourceQuality "1"]
[WhiteTeam "Sofia Slavia"]
[BlackTeam "Budapest Voros Meteor MTK"]
[WhiteTeamCountry "BUL"]
[BlackTeamCountry "HUN"]

1. e4 c5 2. Nf3 Nc6 3. d4 cxd4 4. Nxd4 Nf6 5. Nc3 d6 6. f4 Bd7 7. Nb3 g6 8. Be2
Bg7 9. O-O O-O 10. Kh1 a5 11. a4 Qb6 12. Bf3 Nb4 13. e5 Ne8 14. Re1 Bc6 15. Nd4
Bxf3 16. Nxf3 dxe5 17. fxe5 Nc7 18. Qe2 Ne6 19. Nb5 Rfd8 20. Rf1 Rac8 21. c3
Nd5 22. Nfd4 Nxd4 23. Nxd4 Qa6 24. Qf3 f5 25. exf6 exf6 26. Bd2 f5 27. Bg5 Bf6
28. Bxf6 Nxf6 29. Rae1 Re8 30. Nb5 Qb6 31. Qd1 Rcd8 32. Rxe8+ Rxe8 33. Qd4 Qxd4
34. Nxd4 Ne4 35. Kg1 Nc5 36. b3 Re3 37. Rf3 Re1+ 38. Rf1 Rxf1+ 39. Kxf1 Ne4 40.
c4 Nc5 41. Ke2 Kf7 42. Kd2 Kf6 43. Kc3 Ne4+ 44. Kb2 g5 45. b4 axb4 46. Kb3 Nd2+
47. Kxb4 Ke5 48. Ne2 f4 49. Kc5 g4 50. Kb6 Nxc4+ 51. Kxb7 f3 52. gxf3 gxf3 53.
Ng3 f2 54. Kc6 Kd4 55. Kb5 h5 56. h4 Nd2 57. a5 Ke3 58. a6 Kf3 (58... Kf4 $1
59. Nf1 Nxf1 60. a7 Ne3 61. a8=Q f1=Q+ $19) 59. Nf1 Nxf1 60. a7 Ng3 61. a8=Q+
Kg4 62. Qc8+ Kxh4 63. Qd8+ Kh3 64. Qd7+ Kg2 65. Qd5+ Kg1 66. Qd4 Nf5 67. Qc5 h4
68. Ka5 Ng3 69. Qg5 f1=Q 70. Qxh4 Qf5+ 71. Kb4 1/2-1/2

[Event "St Petersburg-ch"]
[Site "St Petersburg"]
[Date "1997.03.13"]
[Round "8"]
[White "Orlov, Vassily"]
[Black "Romanovich, Leonid"]
[Result "1-0"]
[WhiteElo "2420"]
[BlackElo "2340"]
[Annotator "Tsesarsky,I"]
[PlyCount "117"]
[EventDate "1997.03.04"]
[EventType "swiss"]
[EventRounds "9"]
[EventCountry "RUS"]
[SourceTitle "CBM 058"]
[Source "ChessBase"]
[SourceDate "1997.06.01"]
[SourceVersion "1"]
[SourceVersionDate "1997.06.01"]
[SourceQuality "1"]

1. e4 c5 2. Nf3 g6 3. d4 Bg7 4. Nc3 cxd4 5. Nxd4 Nc6 6. Nb3 Nf6 7. Be2 a5 8. a4
O-O 9. O-O d5 (9... Nb4 $142) 10. exd5 Nb4 11. Bf3 Bf5 (11... Ra6 $2 12. Nc5
Rb6 13. Be3 $1 Bf5 14. Rc1 $16 {1-0 Petit,R-Berrig,O/Genf op sp 1996 (31)}) 12.
Nd4 Qd7 (12... Bc8 $2 13. Ndb5 Bf5 14. Na3 Qd7 (14... Rc8 15. Be3 $16) 15. Be3
Rfd8 (15... Ng4 16. Bd4 Bxd4 17. Qxd4 $16 {[%csl Yc2,Rg4]}) 16. Bb6 Rdc8 17.
Re1 $16 Ng4 18. Nab5 $2 (18. Bd4 $16) 18... Ne5 19. Be4 Nc4 20. Bd4 (20. Bxf5
Qxf5 21. Bd4 Nxc2 $1 $17) 20... Nxb2 $17 {0-1 Britton,R-Baker,C/Chester GBR ch
1979 (33)}) (12... Qc8 13. Re1 Rd8 14. Re5 $6 (14. Rxe7 $1 Nbxd5 15. Nxd5 Nxd5
16. Nxf5 Qxf5 17. Bxd5 Rxd5 18. Qe2 Re5 (18... Rad8 19. Re8+ Bf8 20. Bh6 $18)
19. Rxe5 Bxe5 20. Ra3 $16) 14... e6 (14... Qc7) 15. Nxf5 gxf5 16. Bg5 Nfxd5 17.
Nxd5 Bxe5 (17... Nxd5 18. Rxd5 $14) 18. Ne7+ Kf8 19. Nxc8 Rxd1+ 20. Rxd1 Rxc8
21. c3 $16 {Pirisi,G-Balogh,B/HUN-chT 1991/1-0 (66)}) 13. h3 h5 14. Be3 $146 (
14. Bg5 $146 Rfd8 15. Re1 Rac8 (15... Nfxd5 16. Nxd5 Nxd5 17. c3 f6 18. Bh4 Nf4
19. Qb3+ Kf8 20. Rad1 $18) 16. Rc1 (16. d6 Qxd6 17. Nxf5 gxf5 18. Qxd6 (18.
Bxb7 Qc7 19. Qf3 Rb8 $15) 18... exd6 19. Re7 Nxc2 20. Rc1 Nd4 21. Bxb7 Rb8 22.
Rce1 Ne6 23. Bh4 Kf8 24. Nd5 Nxd5 25. Bxd5 Re8 26. Rxe8+ Rxe8 27. b3 $14) 16...
Nbxd5 17. Nxd5 Nxd5 18. c3 Nf6 19. Re5 Qd6 (19... Qc7 20. Qe2 Bd3 21. Qe3 Ng4
$1 22. Bxg4 Qxe5 23. Bxc8 Rxc8 24. Qxe5 Bxe5 25. Rd1 Bxd4 26. Rxd3 Bc5 27. Rd7
f6 28. Be3 Bxe3 29. fxe3 Kf7 30. Rxb7 Rc4 $11) 20. Qe2 e6 $4 (20... Bd3 $1) 21.
Rxa5 (21. Nxf5 exf5 22. Bxb7 Rb8 23. Bxf6 Bxf6 24. Rb5 Qf4 25. Rd1 Qxa4 26.
Rxd8+ Rxd8 27. Bd5 $14) 21... Re8 $2 (21... b6 22. Ra7 Rc5) (21... Rd7 $142 22.
Bxf6 Bxf6 23. Nxf5 exf5 24. Rd5 Qc7 25. Rxd7 Qxd7 26. Qb5 $16) 22. Bxb7 $18 Rb8
23. Rb5 Qc7 24. Qf3 {1-0 Kupreichik,V-Ansner,B/Rilton Cup op 1992 (Tsesarsky)})
14... Rfd8 15. d6 $1 exd6 16. Ncb5 Be4 17. c3 Bxf3 $2 (17... Nbd5 $11 18. Bxe4
Nxe4 $11 (18... Nxe3 19. fxe3 Nxe4 $11)) 18. Qxf3 Nbd5 19. Bg5 $14 Re8 20. Rfe1
(20. Bh4 Rad8 21. Bg3 $14 {[%csl Rd6]}) 20... Rxe1+ $2 (20... Re5 21. Bxf6 Nxf6
22. Nb3 {[%csl Ra5]} Qe7 (22... Rae8 23. Rxe5 dxe5 24. Nxa5 $16) 23. Rxe5 dxe5
24. Re1 e4 25. Qe3 $14) 21. Rxe1 $16 Re8 22. Rxe8+ Qxe8 23. Bxf6 $1 (23. Nxd6
Qe1+ $1 (23... Qxa4 24. Bxf6 Nxf6 25. Qxb7 Qd7 $16 (25... Qd1+ $2 26. Kh2 Ng4+
27. hxg4 Be5+ 28. g3 Bxd6 29. Qd5 $18)) 24. Kh2 Qe5+ 25. Qg3 Ng4+ 26. hxg4 Qxg5
27. Nf3 Qxg4 28. Nxb7 Qxa4 $14) 23... Nxf6 24. Nxd6 Qe1+ (24... Qxa4 25. Qxb7
$16) 25. Kh2 Qe5+ 26. Qg3 Ne4 27. Nxe4 Qxe4 28. Qf3 Qe1 (28... Be5+ 29. g3 Qxf3
30. Nxf3 Bc7 $16) 29. Qe2 Qc1 30. g3 Bxd4 31. cxd4 Qc6 32. b3 Qd5 33. Qc4 (33.
Qe8+ $142 Kh7 34. Qe3 g5 35. Kg1 b6 36. f3 $16) 33... Qf5 34. Qe2 (34. Kg2 Qe4+
35. Kh2 (35. f3 Qe3 36. d5 Qd2+ 37. Kf1 Qd1+ $11) 35... Qf3 36. Kg1 h4 37. gxh4
Qxh3 38. d5 $16) 34... h4 (34... g5) 35. Qe3 hxg3+ 36. Kxg3 Qd5 37. Kh2 Qf5 (
37... Kf8) (37... Kh7 38. Kg3 b6) 38. Kg1 Kh7 39. Kg2 b6 40. Qf3 Qg5+ 41. Kh2
Kg8 42. Qa8+ Kh7 43. Qe4 Qf6 (43... Qc1 44. Qe3 Qc7+ 45. Kg2 Qc6+ 46. Qf3 Qd7
47. d5 f5 $16) 44. f4 Qd6 (44... Qh4 45. Kg2 f5 46. Qe5) 45. Kg3 Qb4 46. Qe3 b5
(46... Qd6 47. Qe4 Qc7) 47. axb5 Qxb5 48. Qf3 Qb4 49. Qd3 $18 Qe1+ 50. Kg2 Qc1
(50... f5 51. d5 Qc1 52. d6 Qxf4 53. d7 Qg5+ 54. Kf3 Qd8 55. h4 Kg7 56. h5 gxh5
57. Qxf5 Qe7 58. Qd5 Qf6+ 59. Ke4 Qh4+ 60. Kd3 Qd8 61. Qe6 Kf8 62. Ke4 Qh4+ (
62... Qa8+ 63. Ke5 $18) 63. Kd5 Qd8 64. Ke5 Qg5+ 65. Kd6 Qg3+ 66. Kc6 $18) 51.
f5 Qg5+ 52. Kf3 gxf5 53. d5 Kg6 (53... Qh5+ 54. Kf4 Qh6+ 55. Ke5 Qg7+ 56. Kd6
Qf6+ 57. Kc5 Kh6 58. d6 f4 59. d7 Qd8 60. Qd6+ Kg5 61. Kc6 f3 62. Qc7 Qf6+ 63.
Kb7 f2 64. d8=Q f1=Q 65. Qg3+ Kh5 66. Qg4+ Kh6 67. Qf8+ Kh7 68. Qgg8#) 54. d6
Qd8 55. d7 Kf6 56. Qd6+ Kg5 57. h4+ $1 Kh5 58. Qf4 Qa8+ 59. Kg3 1-0